000 01042cad a22002055a 4500
001 L155138
008 120306s2012 xxk 000 0 eng d
035 _a(Sirsi) u155138
041 0 _aeng
110 2 _aCB Richard Ellis
_93675
245 0 0 _aGlobal office indices marketview
_bstabilized growth
260 _a[S.I.]
_bCBRE
_c2012
490 0 _aCBRE Global Office Indices Marketview
_vQ4 2011
520 _aCBRE global rent and global capital value indices for office properties held steady in Q4 2011, increasing 0.48% and 0.44% respectively, similar to their growth pace in Q3 2011. The recovery in the global office market from an investor's perspective has been delayed but not denied. Graphs cover the CBRE global office rent, and global office capital indices.
590 _aKA
651 4 _aInternational
690 _aCommercial property
_96227
856 4 0 _uhttps://www.cbre.co.uk/portal/page/portal/emea_en/research
_zView the report (type Global office in the keyword box and click on search) at www.cbre.co.uk
942 _n0
999 _c83825
_d83825